East Central Europe and Communism : Politics, Culture, and Society, 1943-1991.

Bibliographic Details
Main Author: Ramet, Sabrina P.
Format: eBook
Language:English
Published: Milton : Taylor & Francis Group, 2023.
Edition:1st ed.
Series:Routledge Open History Series
Subjects:
Online Access:Click to View
LEADER 01557nam a22003853i 4500
001 EBC7245509
003 MiAaPQ
005 20231204023229.0
006 m o d |
007 cr cnu||||||||
008 231204s2023 xx o ||||0 eng d
020 |a 9781000877083  |q (electronic bk.) 
020 |z 9781032318189 
035 |a (MiAaPQ)EBC7245509 
035 |a (Au-PeEL)EBL7245509 
035 |a (OCoLC)1378937030 
040 |a MiAaPQ  |b eng  |e rda  |e pn  |c MiAaPQ  |d MiAaPQ 
082 0 |a 320.91717 
100 1 |a Ramet, Sabrina P. 
245 1 0 |a East Central Europe and Communism :  |b Politics, Culture, and Society, 1943-1991. 
250 |a 1st ed. 
264 1 |a Milton :  |b Taylor & Francis Group,  |c 2023. 
264 4 |c Ã2023. 
300 |a 1 online resource (359 pages) 
336 |a text  |b txt  |2 rdacontent 
337 |a computer  |b c  |2 rdamedia 
338 |a online resource  |b cr  |2 rdacarrier 
490 1 |a Routledge Open History Series 
588 |a Description based on publisher supplied metadata and other sources. 
590 |a Electronic reproduction. Ann Arbor, Michigan : ProQuest Ebook Central, 2023. Available via World Wide Web. Access may be limited to ProQuest Ebook Central affiliated libraries.  
655 4 |a Electronic books. 
776 0 8 |i Print version:  |a Ramet, Sabrina P.  |t East Central Europe and Communism  |d Milton : Taylor & Francis Group,c2023  |z 9781032318189 
797 2 |a ProQuest (Firm) 
830 0 |a Routledge Open History Series 
856 4 0 |u https://ebookcentral.proquest.com/lib/matrademy/detail.action?docID=7245509  |z Click to View